Music Quiz

Random Music or Kpop Quiz

Kpop in Picture (easy) Quiz Stats

Quiz not verified by Sporcle

Also try: Iron Maiden Albums
Challenge
Share
Tweet
Score 0/35 Timer 08:00
2 Plays Today
% Correct
Big bang
93.6%
2ne1
86.1%
2pm
83.3%
Cnblue
80.8%
Girls Generation
79.6%
f(x)
78.7%
Infinite
73.7%
Block B
73.3%
Teen top
72.7%
Sistar
72.5%
Boyfriend
71.7%
B1A4
70.8%
Miss A
69.1%
BAP
68.9%
Beast
66.1%
FTIsland
65.6%
Mblaq
61.1%
Davichi
59.4%
% Correct
Girls day
59.4%
After school
59.2%
Btob
59.1%
T-ara
57%
Brown eyed girls
56.2%
A pink
54.6%
U-kiss
53.3%
Kara
53.2%
Shinhwa
48.9%
4minute
46.8%
Epik High
45.9%
Tasty
42.3%
Rania
24.5%
Speed
23.6%
Dal shabet
19.1%
DMTN
17.6%
AA
12.8%

You're not logged in!

Compare scores with friends on all Sporcle quizzes.
Sign Up with Email
OR
Log In

You Might Also Like...

Show Comments

Extras

Curator's Pick Sep 27, 2013ReportNominate
Tags:Kpop Quiz, group, k-pop, Kpop Quiz

Top Quizzes Today


Score Distribution

Your Account Isn't Verified!

In order to create a playlist on Sporcle, you need to verify the email address you used during registration. Go to your Sporcle Settings to finish the process.